000 03088nam a2200433 a 4500
001 6843
003 BD-DhEWU
005 20190306020002.0
008 091006s2010 stkab g 001 0 eng d
020 _a9780702030857
020 _a9780702030840 (International ed.)
020 _a0702030848
035 _a(OCoLC)455157186
040 _aBD-DhEWU
_beng
_cBD-DhEWU
_dBD-DhEWU
041 _aeng
082 0 4 _a616
_bDAV 2010
245 0 0 _aDavidson's principles and practice of medicine /
_cthe editors, Nicki R. Colledge, Brian R. Walker, Stuart H. Ralston ; illustrated by Robert Britton.
246 3 4 _aDavidson's principles & practice of medicine
246 3 0 _aPrinciples and practice of medicine
246 3 _aPrinciples & practice of medicine
250 _a21st ed.
260 _aEdinburgh :
_bChurchill Livingstone,
_c2010.
300 _axvi, 1360 p. :
_bill., maps ;
_c27 cm.
500 _aRev. ed. of: Davidson's principles & practice of medicine / editors, Nicholas A. Boon ... [et al.]. 20th ed. 2006.
504 _aIncludes bibliographical references and indexes.
505 _tTOC
_aPart 1 - Principles of medicine Good medical practice Therapeutics and good prescribing Molecular and genetic factors in disease Immunological factors in disease Environmental and nutritional factors in disease Principles of infectious disease Ageing and disease Part 2 - Practice of medicine Critical illness Poisoning Medical psychiatry Oncology Pain management and palliative care Infectious disease HIV infection and AIDS Sexually transmitted infections Clinical biochemistry and metabolism Kidney and urinary tract disease Cardiovascular disease Respiratory disease Endocrine disease Diabetes mellitus Alimentary tract and pancreatic disease Liver and biliary tract disease Blood disease Musculoskeletal disease Neurological disease Skin disease Laboratory reference ranges
520 _aSummary: "More than two million medical students, doctors and other health professionals from around the globe have owned a copy of Davidson's Principles and Practice of Medicine since it was first published. Today's readers rely on Davidson's to provide up-to-date detail of contemporary medical practice, presented in a style that is concise, beautifully illustrated and easy to read. Davidson's provides all of the factual knowledge required to practise medicine, explaining it in the context of underlying principles, basic science and research evidence, and shows how to apply this knowledge to the management of patients who present with problems rather than specific diseases."--BOOK JACKET.
526 _aPharmacy
590 _aTahur Ahmed
650 0 _aMedicine.
_99350
650 2 _aMedicine.
_99351
700 1 _aColledge, Nicki R.
_99352
700 1 _aWalker, Brian R.
_99353
700 1 _aRalston, Stuart.
_99354
700 1 _aDavidson, Stanley,
_cSir,
_d1894-1981.
_9466
856 4 2 _3WorldCat details
_uhttp://www.worldcat.org/title/davidsons-principles-and-practice-of-medicine/oclc/455157186&referer=brief_results
942 _2ddc
_cTEXT
_05
999 _c6843
_d6843
999 _c6843
_d6843